Día a día hasta el día en que regresó Zelaya /
Uloženo v:
| Hlavní autor: | |
|---|---|
| Médium: | Text |
| Tagy: |
Přidat tag
Žádné tagy, Buďte první, kdo vytvoří štítek k tomuto záznamu!
|
MARC
| LEADER | 00000 a a2200000 04500 | ||
|---|---|---|---|
| 001 | 45419 | ||
| 003 | |||
| 040 | |||
| 100 | |a Fernández, Alejandro | ||
| 245 | |a Día a día hasta el día en que regresó Zelaya / |c Alejandro Fernández | ||
| 773 | |g volumen28, número331 (2009), páginas 27-37 | ||
| 999 | |c 24786 |d 24786 | ||
